Tự vị tiếng nói miền nam

Đã lưu trong:
Bibliografiske detaljer
Hovedforfatter: Vương Hồng Sển
Format: Bog
Udgivet: TP. HCM Trẻ
Tags: Tilføj Tag
Ingen Tags, Vær først til at tagge denne postø!
Thư viện lưu trữ: Trung tâm Học liệu Lê Vũ Hùng, Trường Đại học Đồng Tháp
LEADER 00559pam a22001818a 4500
001 00038785
005 20171026081025.0
008 170517s ||||||Viesd
041 0 # |a Vie 
082 1 4 |a 495.922  |b T550V 
100 1 # |a Vương Hồng Sển 
245 1 0 |a Tự vị tiếng nói miền nam  |c Vương Hồng Sển 
260 # # |a TP. HCM  |b Trẻ 
300 # # |a 708tr. 
852 # # |b Kho đọc  |j KD.0020193 
852 # # |j KD.0020193 
910 |d 17/05/2017 
980 # # |a Trung tâm Học liệu Lê Vũ Hùng, Trường Đại học Đồng Tháp